[Event "European Blitz 2017"]
[Site "Katowice POL"]
[Date "2017.12.15"]
[Round "21.69"]
[White "Muter, Donny"]
[Black "Heinzel, Olaf"]
[Result "1-0"]
[BlackTitle "IM"]
[WhiteElo "2206"]
[BlackElo "2360"]
[WhiteFideId "409170"]
[BlackFideId "4626664"]
[EventDate "2017.12.15"]
[EventType "swiss"]

1. d4 Nf6 2. Nf3 d5 3. c4 c6 4. e3 Bf5 5. Bd3 Bxd3 6. Qxd3 e6 7. O-O Nbd7 8. Nc3
Bd6 9. e4 dxe4 10. Nxe4 Nxe4 11. Qxe4 Nf6 12. Qe2 O-O 13. Bg5 Be7 14. Rad1 h6
15. Bf4 Qa5 16. b3 Rfe8 17. Rfe1 Rad8 18. Ne5 Bb4 19. Rf1 Nd7 20. Nd3 Bf8 21. h3
Nb6 22. Be3 Qf5 23. Rfe1 Nd7 24. g4 Qa5 25. Qc2 e5 26. Bd2 Qc7 27. dxe5 Nxe5 28.
Nxe5 Rxe5 29. Be3 Rde8 30. Kg2 a6 31. Bf4 Bd6 32. Bxe5 Bxe5 33. Qf5 c5 34. f4
Qc6+ 35. Rd5 Bf6 36. Rxe8+ Qxe8 37. Qd3 Qe1 38. Rxc5 g6 39. g5 hxg5 40. fxg5 Be7
41. Rd5 Qc1 42. Rd7 Qxg5+ 43. Kf1 Bc5 44. Qd5 Qf4+ 45. Ke1 Bb4+ 46. Ke2 a5 47.
Rxb7 Qh2+ 1-0

[Event "European Blitz 2017"]
[Site "Katowice POL"]
[Date "2017.12.15"]
[Round "21.70"]
[White "Troyke, Christian"]
[Black "Kiratzopoulos, Efthimios"]
[Result "1-0"]
[WhiteTitle "IM"]
[WhiteElo "2348"]
[BlackElo "2204"]
[WhiteFideId "4616278"]
[BlackFideId "4207629"]
[EventDate "2017.12.15"]
[EventType "blitz"]

1. g3 Nf6 2. Bg2 g6 3. d4 Bg7 4. e4 d6 5. Ne2 O-O 6. O-O e5 7. c4 Bg4 8. f3 Bd7
9. Nbc3 Nc6 10. d5 Nb8 11. Be3 b6 12. Qd2 a5 13. Kh1 Qc8 14. f4 exf4 15. Nxf4
Ng4 16. Bg1 Ne5 17. b3 Na6 18. Rab1 Nc5 19. Nce2 f5 20. exf5 Bxf5 21. Rbd1 Qd7
22. Nd4 Bh6 23. Qc3 Ne4 24. Qb2 Rae8 25. Nfe6 Rf7 26. Nxf5 gxf5 27. Bd4 Ng4 28.
Bxe4 fxe4 29. Qe2 Rxe6 30. dxe6 Qxe6 31. Rxf7 Kxf7 32. Re1 e3 33. Qf3+ Kg8 34.
Kg2 c5 35. Bc3 a4 36. h3 Ne5 37. Qe4 Qf6 38. Rf1 Qe7 39. Qd5+ Kg7 40. Bxe5+ dxe5
41. Qd3 axb3 42. axb3 Qa7 43. h4 Qa2+ 44. Kh3 Qa8 45. Qd7+ Kh8 46. Qd5 Qc8+ 47.
g4 Bg7 48. h5 Qa6 49. Qd8+ 1-0

[Event "European Blitz 2017"]
[Site "Katowice POL"]
[Date "2017.12.15"]
[Round "21.71"]
[White "Kubica, Kamil"]
[Black "Wieczorek, Oskar"]
[Result "0-1"]
[BlackTitle "IM"]
[WhiteElo "2166"]
[BlackElo "2463"]
[WhiteFideId "1146360"]
[BlackFideId "1133950"]
[EventDate "2017.12.15"]
[EventType "blitz"]

1. d4 Nf6 2. c4 c5 3. d5 b5 4. f3 g6 5. e4 d6 6. cxb5 Bg7 7. Nc3 O-O 8. Bd3 a6
9. Nge2 axb5 10. Bxb5 Ba6 11. O-O Qa5 12. a4 Ne8 13. Bd2 Nc7 14. Kh1 Qb6 15. a5
Qb7 16. Bxa6 Nbxa6 17. Na4 Rab8 18. Nb6 Na8 19. Qa4 Nxb6 20. axb6 Nb4 21. Bxb4
cxb4 22. Qxb4 Qxb6 23. Qxb6 Rxb6 24. Ra7 Rxb2 25. Nc1 Rb1 26. Re1 Rc8 27. Rxe7
Rcxc1 0-1

[Event "European Blitz 2017"]
[Site "Katowice POL"]
[Date "2017.12.15"]
[Round "21.72"]
[White "Sergeev, Vladimir"]
[Black "Borys, Jacek"]
[Result "1-0"]
[WhiteTitle "GM"]
[WhiteElo "2406"]
[BlackElo "2023"]
[WhiteFideId "14101076"]
[BlackFideId "1138049"]
[EventDate "2017.12.15"]
[EventType "blitz"]

1. d4 Nf6 2. Nf3 b6 3. Bf4 Bb7 4. e3 e6 5. h3 h6 6. Nbd2 Be7 7. Bd3 O-O 8. c3 d6
9. O-O Nbd7 10. Bh2 c5 11. Qe2 d5 12. Rad1 Re8 13. Ne5 Nxe5 14. dxe5 Nd7 15. e4
Nf8 16. Bb5 Nd7 17. exd5 Bxd5 18. Ne4 Qc8 19. Bxd7 Qxd7 20. c4 Qc6 21. cxd5 exd5
22. Ng3 g6 23. f4 Kh7 24. f5 g5 25. f6 Bd6 26. Nf5 Bc7 27. Qc2 1-0

[Event "European Blitz 2017"]
[Site "Katowice POL"]
[Date "2017.12.15"]
[Round "21.73"]
[White "Amores Gago, Javier"]
[Black "Michalski, Filip"]
[Result "0-1"]
[WhiteElo "2139"]
[BlackElo "2089"]
[WhiteFideId "32004192"]
[BlackFideId "1151371"]
[EventDate "2017.12.15"]
[EventType "blitz"]

1. e4 d6 2. Nc3 e5 3. g3 Nf6 4. Bg2 c6 5. d3 Be7 6. f4 exf4 7. Bxf4 Bg4 8. Nf3
Nbd7 9. h3 Bh5 10. g4 Bg6 11. O-O Qb6+ 12. Kh1 Qxb2 13. Qd2 Qb6 14. a4 a5 15.
Rab1 Qc7 16. Bh2 Ne5 17. Nd4 h6 18. Nf5 Bxf5 19. Rxf5 O-O 20. d4 Ng6 21. Qf2 Nh7
22. Bg3 Nf6 23. Rf1 Qb6 24. Rb1 Qc7 25. Qf3 Nh7 26. Qf2 Nf6 27. Rf1 Qb6 28. Qd2
Rad8 29. Qd3 Qc7 30. Ne2 Qb6 31. c3 d5 32. e5 Nh7 33. Qf3 Nh4 34. Bxh4 Bxh4 35.
Rxf7 Qb2 36. e6 Qa3 37. Qe3 Bf6 38. Rxf8+ Rxf8 39. Nf4 Ng5 40. Ng6 Re8 41. h4
Rxe6 42. Qf4 Ne4 43. Qb8+ Kf7 44. Nh8+ Ke7 45. Qc7+ Ke8 46. Qf7+ Kd8 47. Qxe6
Qxc3 48. Nf7+ Kc7 49. Bxe4 Qh3+ 50. Kg1 Bxd4+ 51. Rf2 Qg3+ 52. Kh1 Bxf2 53. Qe7+
Kb6 54. Qd8+ Ka6 55. Bd3+ Qxd3 56. Qd6 Qh3+ 57. Qh2 Qxh2+ 58. Kxh2 d4 59. Kg2
Bxh4 60. Kf3 Bg5 61. Ke4 c5 62. Nd6 Kb6 63. Nc4+ Ka6 64. Nd6 b6 65. Kd3 Ka7 66.
Kc4 Bf4 67. Nf5 Be5 68. Ne7 Bf6 69. Nf5 Kb7 70. Kb5 Kc7 71. Kc4 Kc6 72. Ng3 Kd6
73. Ne4+ Ke5 74. Nf2 0-1

[Event "European Blitz 2017"]
[Site "Katowice POL"]
[Date "2017.12.15"]
[Round "21.74"]
[White "Zimina, Olga"]
[Black "Winiarski, Mikolaj"]
[Result "1-0"]
[WhiteTitle "IM"]
[BlackTitle "FM"]
[WhiteElo "2415"]
[BlackElo "2249"]
[WhiteFideId "4132190"]
[BlackFideId "1159984"]
[EventDate "2017.12.15"]
[EventType "blitz"]

1. Nf3 Nf6 2. c4 e6 3. g3 b6 4. Bg2 Bb7 5. O-O Be7 6. Nc3 O-O 7. Re1 d6 8. e4 e5
9. d4 Nbd7 10. dxe5 dxe5 11. Nd5 Bd6 12. Nh4 c6 13. Nf5 Bc5 14. Nxf6+ Nxf6 15.
Be3 Bxe3 16. Rxe3 Qc7 17. c5 Rad8 18. Qc2 g6 19. Nd6 bxc5 20. Nxb7 Qxb7 21. Rb3
Qe7 22. Rc1 Rd4 23. Rc3 Nd7 24. Bh3 Rd8 25. Ra3 Nb6 26. Qxc5 Qf6 27. Qxc6 Qf3
28. Rxf3 1-0

[Event "European Blitz 2017"]
[Site "Katowice POL"]
[Date "2017.12.15"]
[Round "21.75"]
[White "Golenia, Wojciech"]
[Black "Przybylski, Wojciech"]
[Result "1/2-1/2"]
[BlackTitle "FM"]
[WhiteElo "1984"]
[BlackElo "2320"]
[WhiteFideId "1175300"]
[BlackFideId "1117599"]
[EventDate "2017.12.15"]
[EventType "blitz"]

1. c4 e5 2. Nc3 Nf6 3. g3 d5 4. cxd5 Nxd5 5. Bg2 Nb6 6. Nf3 Nc6 7. O-O Be7 8. d3
O-O 9. a3 Be6 10. b4 a5 11. b5 Nd4 12. Nxe5 Bf6 13. Bf4 g5 14. e3 gxf4 15. gxf4
Bxe5 16. fxe5 Nf5 17. d4 Bc4 18. Qg4+ Ng7 19. Ne4 Be6 20. Qg3 Nd7 21. Ng5 Bf5
22. e4 Bg6 23. f4 Nh5 24. Qe3 f6 25. Ne6 Qe7 26. Nxf8 Nxf8 27. f5 Be8 28. exf6
Nxf6 29. e5 Kh8 30. Qg5 Ng8 31. f6 Qf7 32. d5 Bxb5 33. e6 Qg6 34. Qe5 Bxf1 35.
Rxf1 Nh6 36. f7+ Qg7 37. Qxg7+ Kxg7 38. e7 Nxf7 39. exf8=Q+ Rxf8 40. Rb1 b6 41.
Rc1 Rc8 42. Bh3 Rd8 43. Be6 Kf6 44. Rxc7 Ng5 45. Rb7 Rd6 46. Kf2 h5 47. h4 Nxe6
48. dxe6 Kxe6 49. Rh7 Rd3 50. Rh6+ Kf5 51. Rxh5+ Kg4 52. Rb5 Kxh4 53. Rxb6 Rxa3
54. Ke2 Kg4 55. Kd2 Kf4 56. Kc2 Ke4 57. Kb2 Ra4 58. Rb5 Kd4 59. Kb3 Ra1 60. Kb2
Ra4 61. Kb3 Ra1 62. Kb2 Kc4 63. Kxa1 Kxb5 64. Ka2 Kb4 65. Kb2 a4 66. Ka2 a3 67.
Ka1 Kb3 68. Kb1 a2+ 69. Ka1 Ka3 1/2-1/2

[Event "European Blitz 2017"]
[Site "Katowice POL"]
[Date "2017.12.15"]
[Round "21.76"]
[White "Laurusas, Tomas"]
[Black "Dudas, Jan"]
[Result "1-0"]
[WhiteTitle "IM"]
[BlackTitle "FM"]
[WhiteElo "2423"]
[BlackElo "2216"]
[WhiteFideId "12803731"]
[BlackFideId "14900580"]
[EventDate "2017.12.15"]
[EventType "blitz"]

1. h3 d5 2. a3 e5 3. g3 g6 4. Bg2 Bg7 5. d3 Ne7 6. e3 O-O 7. Ne2 Nbc6 8. Nd2 Be6
9. b3 Qd7 10. Bb2 Rad8 11. Kf1 f5 12. Kg1 g5 13. Kh2 Ng6 14. Rb1 f4 15. exf4
gxf4 16. b4 a6 17. Re1 Qf7 18. Nf3 fxg3+ 19. fxg3 e4 20. Ng5 Qe7 21. Nxe6 Qxe6
22. Bxg7 Kxg7 23. Qc1 Rf2 24. Qe3 Rdf8 25. dxe4 Qe5 26. Rbd1 Nh4 1-0

[Event "European Blitz 2017"]
[Site "Katowice POL"]
[Date "2017.12.15"]
[Round "21.77"]
[White "Pena Gomez, Manuel"]
[Black "Terletsky, Oleg"]
[Result "0-1"]
[WhiteTitle "IM"]
[BlackTitle "FM"]
[WhiteElo "2491"]
[BlackElo "2384"]
[WhiteFideId "2252813"]
[BlackFideId "14116774"]
[EventDate "2017.12.15"]
[EventType "blitz"]

1. g3 Nf6 2. Bg2 g6 3. c4 e5 4. Nc3 Bg7 5. e3 O-O 6. Nge2 d6 7. O-O Nbd7 8. h3
c6 9. d4 exd4 10. exd4 Nb6 11. b3 d5 12. c5 Nbd7 13. b4 a6 14. a4 Re8 15. Rb1
Nf8 16. b5 axb5 17. axb5 Bf5 18. Rb4 h5 19. Kh2 Qd7 20. bxc6 bxc6 21. Na4 Ra7
22. Nb6 Qd8 23. Be3 Ne4 24. Ra4 Rae7 25. Ra8 Qc7 26. Bf4 Qb7 27. Rxe8 Rxe8 28.
Be3 Nd7 29. Qb3 Rb8 30. Rb1 Nexc5 31. dxc5 Bxb1 32. Qxb1 Re8 33. Qc2 Nf6 34. Nd4
Ne4 35. Nb3 h4 36. Bd4 hxg3+ 37. fxg3 Qc7 38. Qd3 Bxd4 39. Nxd4 Nxc5 40. Nxd5
cxd5 41. Qc3 Qd6 42. Nb5 Qb6 43. Nd4 Ne4 44. Qa1 Qf6 45. Qg1 Qe5 46. Ne2 Rb8 47.
Nf4 Rb2 48. Qc1 Kg7 49. Qe3 Rc2 50. Qd3 Rc3 51. Qxd5 Qxd5 52. Nxd5 Rc2 53. Ne3
Rb2 54. Nf1 Nd2 55. Nxd2 Rxd2 56. Kg1 f5 57. Bf3 g5 58. Kf1 Kf6 59. Be2 Ke5 60.
Ke1 Rb2 61. Kf2 f4 62. gxf4+ gxf4 63. Kf3 Rb3+ 64. Kg2 Rg3+ 65. Kh2 Ke4 66. Bb5
Rg5 67. Bc6+ Ke3 68. h4 Rc5 69. Ba8 f3 70. Kg3 f2 71. Bg2 Rc1 72. h5 Rg1 73. Kh2
Rxg2+ 74. Kxg2 Ke2 0-1

[Event "European Blitz 2017"]
[Site "Katowice POL"]
[Date "2017.12.15"]
[Round "21.78"]
[White "Peterson, Emery"]
[Black "Polzin, Rainer"]
[Result "1/2-1/2"]
[BlackTitle "GM"]
[WhiteElo "2168"]
[BlackElo "2404"]
[WhiteFideId "4610920"]
[BlackFideId "4610741"]
[EventDate "2017.12.15"]
[EventType "blitz"]

1. d4 Nf6 2. Nc3 c5 3. d5 d6 4. e4 g6 5. f4 Bg7 6. Nf3 O-O 7. Bd3 Bg4 8. O-O
Nbd7 9. h3 Bxf3 10. Qxf3 a6 11. a4 Ne8 12. Kh1 Nc7 13. a5 Rb8 14. Bd2 b5 15.
axb6 Nxb6 16. Qe2 Qc8 17. Ra5 e6 18. dxe6 fxe6 19. e5 c4 20. Bxc4 Nxc4 21. Qxc4
d5 22. Qd3 Rxb2 23. Rfa1 Nb5 24. Rxa6 Nxc3 25. Bxc3 Rb7 26. Bd2 Rc7 27. c3 Rc4
28. R6a4 Rc6 29. Ra7 Bh6 30. g3 Bg7 31. g4 Rc4 32. f5 exf5 33. Qxd5+ Kh8 34.
gxf5 Rc5 35. Qg2 Rxe5 36. Ra8 Qxf5 37. Rxf8+ Qxf8 38. Ra8 Re8 39. Rxe8 Qxe8 1/2-1/2

[Event "European Blitz 2017"]
[Site "Katowice POL"]
[Date "2017.12.15"]
[Round "21.79"]
[White "Karpus, Michal"]
[Black "Luch, Michal"]
[Result "0-1"]
[WhiteTitle "FM"]
[BlackTitle "IM"]
[WhiteElo "2328"]
[BlackElo "2398"]
[WhiteFideId "1174088"]
[BlackFideId "1120042"]
[EventDate "2017.12.15"]
[EventType "blitz"]

1. e4 Nf6 2. e5 Nd5 3. d4 d6 4. c4 Nb6 5. exd6 cxd6 6. Nc3 g6 7. Nf3 Bg7 8. Be2
O-O 9. O-O Bg4 10. Be3 Nc6 11. b3 d5 12. a4 a5 13. c5 Nc8 14. h3 Bxf3 15. Bxf3
e6 16. Nb5 N8e7 17. Qd2 Nf5 18. Rad1 Nxe3 19. Qxe3 Qh4 20. Rd3 Rae8 21. Rfd1 Re7
22. Qe1 Rfe8 23. Nd6 Rb8 24. Nb5 h5 25. Qe2 Kh7 26. Kh2 Qf4+ 27. g3 Qf6 28. h4
e5 29. Bxd5 Nxd4 30. Nxd4 exd4 31. Qf3 Qe5 32. c6 bxc6 33. Bxc6 Rb6 34. Bb5 Rf6
35. Qg2 Rf5 36. R1d2 Qe1 37. Bc6 Re2 38. Bf3 Rxd2 0-1

[Event "European Blitz 2017"]
[Site "Katowice POL"]
[Date "2017.12.15"]
[Round "21.80"]
[White "Tomaszewski, Kacper"]
[Black "Djuric, Stefan"]
[Result "0-1"]
[BlackTitle "GM"]
[WhiteElo "2292"]
[BlackElo "2383"]
[WhiteFideId "1127373"]
[BlackFideId "900133"]
[EventDate "2017.12.15"]
[EventType "blitz"]

1. d4 Nf6 2. c4 g6 3. Nc3 Bg7 4. e4 O-O 5. Nf3 d6 6. Be2 e5 7. O-O Qe7 8. d5 Nh5
9. g3 Bh3 10. Re1 Bd7 11. Nd2 Nf6 12. b4 a5 13. bxa5 Rxa5 14. Nb3 Ra8 15. Be3
Na6 16. f3 Nh5 17. Bf2 f5 18. a4 Bh6 19. c5 Bg5 20. Nb5 fxe4 21. fxe4 Nf6 22. c6
Nxe4 23. cxd7 Nxf2 24. Qc2 Qxd7 25. Bf1 Nb4 26. Qc3 Nbd3 27. Bxd3 Rf3 28. Qxc7
Qh3 29. Bf1 Rxg3+ 30. hxg3 Qxg3+ 31. Bg2 Nh3+ 32. Kh1 Nf4 33. Qc2 Bd8 34. Rf1 0-1

[Event "European Blitz 2017"]
[Site "Katowice POL"]
[Date "2017.12.15"]
[Round "21.81"]
[White "Klabis, Rokas"]
[Black "Miezis, Normunds"]
[Result "0-1"]
[WhiteTitle "FM"]
[BlackTitle "GM"]
[WhiteElo "2366"]
[BlackElo "2434"]
[WhiteFideId "12805246"]
[BlackFideId "11600136"]
[EventDate "2017.12.15"]
[EventType "blitz"]

1. e4 c5 2. Nc3 e6 3. g3 Nc6 4. Bg2 g6 5. Nge2 Bg7 6. O-O d6 7. d3 Nge7 8. f4 h5
9. h3 Rb8 10. Qe1 b5 11. Nd1 Qc7 12. Ne3 Nd4 13. c3 Nxe2+ 14. Qxe2 b4 15. f5 Be5
16. cxb4 Rxb4 17. a3 Rb3 18. fxg6 Nxg6 19. Qc2 Rb8 20. Rf3 Bd4 21. Kh1 Ne5 22.
Rf4 Rg8 23. Nf1 Bd7 24. a4 Bc8 25. Ra3 Ba6 26. Rh4 Qb7 27. Rxh5 Bxb2 28. Bxb2
Qxb2 29. Qxb2 Rxb2 30. Rxe5 dxe5 31. Rc3 Ke7 32. Kh2 Rd8 33. Rxc5 Bxd3 34. Kg1
Bxf1 35. Bxf1 Rd1 36. Rc7+ Kf6 37. Rc2 Rxc2 0-1

[Event "European Blitz 2017"]
[Site "Katowice POL"]
[Date "2017.12.15"]
[Round "21.82"]
[White "Piotrowski, Przemyslaw"]
[Black "Reichmann, Hendrik"]
[Result "1-0"]
[BlackTitle "FM"]
[WhiteElo "2314"]
[BlackElo "2337"]
[WhiteFideId "1127063"]
[BlackFideId "4647823"]
[EventDate "2017.12.15"]
[EventType "blitz"]

1. d4 g6 2. h4 Nf6 3. Nc3 h6 4. e4 d6 5. Bc4 c6 6. Qe2 Bg7 7. Bf4 Nh5 8. Be3 b5
9. Bb3 a5 10. a4 b4 11. Na2 Nf6 12. f3 Ba6 13. Qd2 Nbd7 14. Ne2 Nb6 15. Nac1 Nc4
16. Bxc4 Bxc4 17. b3 Ba6 18. Nd3 Nd7 19. h5 g5 20. f4 Nf6 21. Ng3 gxf4 22. Bxf4
e6 23. e5 Nd5 24. Ne4 dxe5 25. Bxe5 f6 26. Bg3 Bxd3 27. Nd6+ Ke7 28. Qxd3 Rg8
29. O-O-O Ra7 30. Rde1 Rd7 31. Nf5+ Kf7 32. Nh4 f5 33. Ng6 Bf6 34. Be5 Nc3 35.
Bxf6 Kxf6 36. Qc4 Re8 37. Nf4 Nd5 38. Ng6 Nc3 39. Nf4 Nd5 40. Nd3 Nc3 41. Nc5
Rxd4 42. Rxe6+ Kg7 43. Rg6+ Kh8 44. Rxh6+ Kg7 45. Rg6+ Kh8 46. Rh6+ Kg7 47. Rg6+
Kh8 48. Qf7 Rd1+ 49. Kb2 Nxa4+ 50. Nxa4 Qd4+ 51. c3 bxc3+ 52. Ka2 Qd2+ 53. Ka3
Qd7 54. Rh6# 1-0

[Event "European Blitz 2017"]
[Site "Katowice POL"]
[Date "2017.12.15"]
[Round "21.83"]
[White "Meissner, Felix"]
[Black "Slabek, Grzegorz"]
[Result "1-0"]
[WhiteTitle "FM"]
[WhiteElo "2333"]
[BlackElo "1956"]
[WhiteFideId "24671827"]
[BlackFideId "1105531"]
[EventDate "2017.12.15"]
[EventType "blitz"]

1. e4 d5 2. exd5 Nf6 3. d4 Nxd5 4. Nf3 Bf5 5. Be2 e6 6. O-O Be7 7. c4 Nb4 8. Na3
O-O 9. Be3 a5 10. Qd2 c6 11. c5 Nd7 12. Nc4 Nc2 13. Rac1 Nxe3 14. fxe3 Bg4 15.
h3 Bxf3 16. Bxf3 a4 17. a3 Qc7 18. Kh1 Rfd8 19. Qf2 Rf8 20. e4 e5 21. Qg3 Rac8
22. d5 Bxc5 23. dxc6 bxc6 24. Bg4 Bd4 25. Rc2 c5 26. Ne3 Kh8 27. Nd5 Qd6 28. Qh4
Rb8 29. Bf5 h6 30. g4 Nf6 31. Nxf6 Qxf6 32. Qxf6 gxf6 33. Bd7 Kg7 34. Bxa4 Rxb2
35. Rxb2 Bxb2 36. Bb3 Bxa3 37. Rd1 Bb2 38. Rd7 Bd4 39. Bc4 Kg6 40. Kg2 Kg5 41.
Kg3 h5 42. gxh5 Kxh5 43. Bxf7+ Kg5 44. Be6 Ra8 45. h4+ Kh6 46. Kg4 Ra1 47. Bf5
Rg1+ 48. Kf3 Rg7 49. Rd8 Ra7 50. Rh8+ Kg7 51. Rh7+ Kf8 52. Rxa7 c4 53. Rc7 c3
54. Ke2 Ke8 55. Rd7 c2 56. Kd2 Bf2 57. h5 1-0

[Event "European Blitz 2017"]
[Site "Katowice POL"]
[Date "2017.12.15"]
[Round "21.84"]
[White "Kastelik, Adrian"]
[Black "Piesik, Piotr"]
[Result "0-1"]
[BlackTitle "FM"]
[WhiteElo "2176"]
[BlackElo "2374"]
[WhiteFideId "1134701"]
[BlackFideId "1136194"]
[EventDate "2017.12.15"]
[EventType "blitz"]

1. e4 g6 2. d4 Bg7 3. Nc3 c6 4. Nf3 d6 5. Be3 Bg4 6. Qd2 Nd7 7. Ng1 Nb6 8. f3
Bd7 9. a4 a5 10. Ra3 d5 11. Rb3 h5 12. exd5 cxd5 13. Bb5 Nf6 14. Bxd7+ Nfxd7 15.
Rb5 Nc4 16. Qd3 e6 17. Rxb7 Rb8 18. Rxb8 Qxb8 19. b3 Nxe3 20. Qxe3 Bh6 21. Qd3
O-O 22. Nge2 Rc8 23. O-O Qb4 24. Nb5 Nb8 25. Rb1 Nc6 26. c3 Qe7 27. f4 Qd7 28.
g3 Ne7 29. b4 Ra8 30. Ra1 Nc6 31. bxa5 Nxa5 32. Kg2 Nc4 33. Nc1 Bf8 34. Nb3 Qc6
35. h3 Nb2 36. Qc2 Nxa4 37. Na3 Qxc3 38. Qxc3 Nxc3 39. Nc2 Rxa1 40. Ncxa1 Bd6
41. Kf3 Kf8 42. Nc2 Ke7 43. Ne3 Ne4 44. g4 hxg4+ 45. hxg4 Bb4 46. Nc2 Nd2+ 47.
Nxd2 Bxd2 48. Na3 Kd7 49. Nc2 Kc6 50. Na1 Bc3 51. Nb3 Kb5 52. f5 gxf5 53. gxf5
exf5 54. Kf4 Kc4 55. Nc1 Bd2+ 56. Kxf5 Bxc1 0-1

[Event "European Blitz 2017"]
[Site "Katowice POL"]
[Date "2017.12.15"]
[Round "21.85"]
[White "Vykouk, Jan"]
[Black "Semjonovs, Ilja"]
[Result "1/2-1/2"]
[WhiteTitle "FM"]
[WhiteElo "2435"]
[BlackElo "2233"]
[WhiteFideId "349658"]
[BlackFideId "11604263"]
[EventDate "2017.12.15"]
[EventType "blitz"]

1. e4 c5 2. Nf3 d6 3. d4 cxd4 4. Nxd4 Nf6 5. Nc3 a6 6. Bg5 e6 7. f4 Qb6 8. Qd2
Qxb2 9. Rb1 Qa3 10. e5 h6 11. Bh4 dxe5 12. fxe5 Nd5 13. Nxd5 exd5 14. e6 Bxe6
15. Nxe6 fxe6 16. Bd3 Be7 17. Bg6+ Kd8 18. Bxe7+ Qxe7 19. O-O Nd7 20. Rxb7 Qc5+
21. Kh1 Ra7 22. Rb3 Rf8 23. Rxf8+ Qxf8 24. Qa5+ Rc7 25. Qxa6 Qf6 26. Qa8+ Rc8
27. Qa5+ Ke7 28. Qb4+ Rc5 29. Bd3 Qa1+ 30. Rb1 Qc3 31. Qh4+ Qf6 32. Qb4 Qc3 33.
Qh4+ Qf6 34. Qg3 Qe5 35. Qf2 Qf6 36. Qd2 Qc3 37. Qxc3 Rxc3 38. h3 Ra3 39. Rb7
Kd6 40. Bb5 Ne5 41. Rxg7 Rxa2 42. Rh7 Rxc2 43. Rxh6 d4 44. Rh8 Rc5 45. Ba6 Kc7
46. Kh2 d3 47. Bxd3 Nxd3 48. Kg3 Kd7 49. Rh7+ Kd6 50. h4 e5 51. h5 Nf4 52. h6
Ke6 53. Kg4 Kf6 54. Ra7 Rc8 55. h7 Ne6 56. Kh5 Rh8 57. Kh6 e4 58. g4 Rd8 59. Ra6
Kf7 60. g5 Nxg5 61. Kxg5 Kg7 62. Ra7+ Kh8 63. Re7 e3 64. Kg6 Rd6+ 65. Kg5 e2 66.
Rxe2 Kxh7 67. Re7+ Kg8 68. Ra7 Rb6 1/2-1/2

[Event "European Blitz 2017"]
[Site "Katowice POL"]
[Date "2017.12.15"]
[Round "21.86"]
[White "Ustianovich, Nazar"]
[Black "Tymrakiewicz, Rafal"]
[Result "1-0"]
[WhiteTitle "FM"]
[BlackTitle "FM"]
[WhiteElo "2366"]
[BlackElo "2272"]
[WhiteFideId "14109778"]
[BlackFideId "1108832"]
[EventDate "2017.12.15"]
[EventType "blitz"]

1. d4 d5 2. Nf3 Bf5 3. c4 e6 4. Nc3 Nf6 5. cxd5 exd5 6. Bf4 c6 7. e3 Qb6 8. Qc1
Nbd7 9. Be2 Be7 10. O-O O-O 11. Na4 Qa5 12. Nc3 Rfe8 13. a3 Ne4 14. b4 Qd8 15.
Na4 b5 16. Nc5 Ndxc5 17. dxc5 Bf6 18. Nd4 Bxd4 19. exd4 a5 20. Re1 Qf6 21. Be5
Qg6 22. a4 axb4 23. axb5 Rxa1 24. Qxa1 f6 25. Bg3 Nc3 26. b6 Bc8 27. Bf1 Ne4 28.
Bc7 Qf7 29. Qa4 Bb7 30. Qxb4 Ra8 31. f3 Ng5 32. Qd2 Ne6 33. Bd6 Ra4 34. Qe2 Nxd4
35. Qe8+ Qxe8 36. Rxe8+ Kf7 37. Re7+ Kg6 38. Rxb7 Ra1 39. Re7 Nf5 40. Rc7 Ne3
41. Kf2 Nxf1 42. b7 Rb1 43. Rxc6 Nd2 44. b8=Q Rxb8 45. Bxb8 Ne4+ 46. fxe4 1-0

[Event "European Blitz 2017"]
[Site "Katowice POL"]
[Date "2017.12.15"]
[Round "21.88"]
[White "Sadzikowski, Daniel"]
[Black "Stauskas, Lukas"]
[Result "1-0"]
[WhiteTitle "GM"]
[WhiteElo "2584"]
[BlackElo "2349"]
[WhiteFideId "1132253"]
[BlackFideId "12808148"]
[EventDate "2017.12.15"]
[EventType "blitz"]

1. c4 Nf6 2. Nc3 c5 3. g3 d5 4. cxd5 Nxd5 5. Bg2 Nc7 6. d3 e5 7. Be3 Be7 8. Rc1
Ne6 9. Nf3 Nc6 10. O-O Bd7 11. Nd2 Rc8 12. Nc4 f6 13. Ne4 Ncd4 14. Ncd6+ Kf8 15.
Nxc8 Bxc8 16. Bxd4 exd4 17. Qa4 f5 18. Nd2 a6 19. a3 b5 20. Qc2 Bd7 21. e3 Kf7
22. Nf3 Bf6 23. b4 cxb4 24. axb4 dxe3 25. fxe3 Qb6 26. d4 Rc8 27. Qb3 Ke7 28.
Rxc8 Bxc8 29. Kh1 Bb7 30. d5 Nc7 31. Rd1 Qd6 32. Nd4 g6 33. Nc6+ Kf8 34. e4 fxe4
35. Bxe4 Kg7 36. Bg2 h5 37. Qf3 h4 38. gxh4 Bxh4 39. Rf1 Kh6 40. Qf8+ Qxf8 41.
Rxf8 1-0

[Event "European Blitz 2017"]
[Site "Katowice POL"]
[Date "2017.12.15"]
[Round "21.89"]
[White "Kumala, Aleksander"]
[Black "Pribyl, Josef"]
[Result "0-1"]
[BlackTitle "IM"]
[WhiteElo "2220"]
[BlackElo "2263"]
[WhiteFideId "1141880"]
[BlackFideId "300187"]
[EventDate "2017.12.15"]
[EventType "blitz"]

1. e4 d6 2. d4 Nf6 3. Nc3 c6 4. Nf3 Bg4 5. Be2 e6 6. Be3 Be7 7. Qd2 d5 8. exd5
cxd5 9. Ne5 Bxe2 10. Qxe2 O-O 11. Nd1 Nc6 12. Nxc6 bxc6 13. c3 a5 14. O-O a4 15.
f3 Qb6 16. Nf2 Qb5 17. Nd3 Nd7 18. Qd2 c5 19. dxc5 Nxc5 20. Bxc5 Bxc5+ 21. Kh1
Bd6 22. Rfe1 Rab8 23. a3 Rfc8 24. Nb4 Qc4 25. Qe2 Qh4 26. g4 h5 27. gxh5 Qxh5
28. Rad1 Rc4 29. Rg1 Rh4 30. Rg2 g6 31. Rdg1 Kg7 32. Nd3 Rh8 33. f4 Rxh2+ 34.
Rxh2 Qxe2 35. Rxh8 Kxh8 36. Ne1 Bxf4 0-1

[Event "European Blitz 2017"]
[Site "Katowice POL"]
[Date "2017.12.15"]
[Round "21.90"]
[White "Snihur, Piotr"]
[Black "Batsiashvili, Nino"]
[Result "0-1"]
[BlackTitle "IM"]
[WhiteElo "2233"]
[BlackElo "2502"]
[WhiteFideId "1157191"]
[BlackFideId "13602993"]
[EventDate "2017.12.15"]
[EventType "blitz"]

1. d4 d5 2. c4 e6 3. Nc3 Bb4 4. Qc2 Nf6 5. Bg5 h6 6. Bxf6 Qxf6 7. Nf3 O-O 8. e3
c5 9. cxd5 exd5 10. Bd3 c4 11. Be2 Bf5 12. Qd2 Nc6 13. O-O Rad8 14. Rfc1 a6 15.
Ne1 b5 16. Bf3 Bxc3 17. Qxc3 b4 18. Qd2 a5 19. Qd1 Rfe8 20. Qa4 Qd6 21. a3 b3
22. Rc3 Bd7 23. Rac1 Ra8 24. Qb5 Ne7 25. Qa4 Bxa4 0-1